| 000 | 01170cab a22002415a 4500 | ||
|---|---|---|---|
| 001 | L145947 | ||
| 008 | 081125e20081122xxkd f g 000 0 eng d | ||
| 035 | _a(Sirsi) u145947 | ||
| 041 | 0 | _aeng | |
| 100 | 1 | _aDensham, Will | |
| 245 | 0 | 0 | _aNil desperandum |
| 260 | _c2008 | ||
| 490 |
_aEstates Gazette _v(0846) 22 November 2008, 110-111(2) |
||
| 520 | _aArticle looks at the judgement in Scottish and Newcastle PLC v Raguz [2008] UKHL 65 and discusses the implications for landlords seeking to reclaim unascertained sums from former tenants and their guarantors. The author looks at statements of account and highlights the fact that as a result of this judgement, the future use of nil notices looks unlikely. Confusion over which procedure to follow remains and a flow chart is provided to help landlords and managing agents. | ||
| 590 | _aKA | ||
| 650 | 2 | 4 | _aSCOTTISH & NEWCASTLE PLC V RAGUZ |
| 650 | 2 | 4 | _aCOMMERCIAL UNION LIFE ASSURANCE CO LTD V MOUSTAFA |
| 650 | 2 | 4 | _aLANDLORD AND TENANT (COVENANTS) ACT 1995 |
| 651 | 4 |
_aUnited Kingdom _y |
|
| 690 | _aPROPERTY-COMMERCIAL PROPERTY-COMMERCIAL LANDLORD AND TENANT | ||
| 700 | 1 | _aShelton, Mark | |
| 942 | _n0 | ||
| 999 |
_c80988 _d80988 |
||